| 000 | 01338nam a22003737a 4500 | ||
|---|---|---|---|
| 003 | CHAP | ||
| 005 | 20220329134605.0 | ||
| 008 | 971013s1994 r 00010 d | ||
| 010 | _a22672 | ||
| 011 | _a23644 | ||
| 035 | _a27741 | ||
| 040 | _cCHAP | ||
| 090 | _aTesis | ||
| 100 | 0 | 0 |
_aHernández Contreras, Francisco. _953908 |
| 245 | _aDosis óptima económica de fertilización para tres variedades de maíz (Zea mays) en Martínez de la Torre, Veracruz (ciclo v-o) | ||
| 260 |
_aChapingo, Méx. : _bEl autor, _c1994 |
||
| 300 |
_a84 h. _b; gráfs. |
||
| 502 | _aTesis (Ing. Agr. Esp. en Suelos) -- UACH. Departamento de Suelos | ||
| 590 |
_aALEPH _b10 _c20130110 _lUCH01 _h1247 |
||
| 590 |
_aBATCH-UPD _b10 _c20130110 _lUCH01 _h0206 |
||
| 590 |
_aBATCH-UPD _b10 _c20130110 _lUCH01 _h1211 |
||
| 590 |
_aBATCH-UPD _b10 _c20130409 _lUCH01 _h2218 |
||
| 590 |
_aBATCH-UPD _b10 _c20130410 _lUCH01 _h1054 |
||
| 590 |
_aBATCH-UPD _b10 _c20130914 _lUCH01 _h1401 |
||
| 590 |
_aCONVERSION _b10 _c20130109 _lUCH01 _h1313 |
||
| 650 | 1 | 4 |
_aFertilizantes para maíz. _940625 |
| 650 | 1 | 4 |
_aFertilizantes _xEfecto en maíz. _940527 |
| 650 | 1 | 4 |
_aMaíz _xVariedades. _971081 |
| 650 | 1 | 4 |
_aMaíz _xVeracruz. _971085 |
| 901 | _aBK | ||
| 942 | _cFOLL | ||
| 949 |
_bBC _cTES _d-64214 _eTS1 _h27306 _i27741 _si |
||
| 949 |
_bBC _cTES _d-64215 _eTS2 _fc.2 _h27307 _i27741 _si |
||
| 999 |
_c22672 _d22672 |
||